000 01483nam1a22003851i 4500
001 v19\rc\1523070
005 20240726100518.0
035 _a(NLR Aleph) 004688768
090 _a3905814
_c3905814
100 _a20060620g18811886|||y0rusy50 ca
101 0 _arus
102 _aRU
105 _a z |||||
200 1 _aИсторические исследования, служащие к оправданию старообрядцев
_fВ.М.К. [Т. 1]-3
210 _aМосква
_cтип. А. Малюкова и К°
_d1881-1886
215 _d25
300 _aМесто изд. и тип. т. 2-3: Черновцы: тип. Г. Чоппа
300 _aАвт. установлен по изд.: Свод. кат. рус. нелег. и запрещ. печати XIX в.: Кн. и период. изд. 2-е изд. М., 1981. Ч. 1. № 689. С. 124
700 1 _9z02790
_aКарлович
_bВ.М.
_f-1912
_gВладимир Михайлович
790 0 _9z02700
_aВ.М.К.
_f-1912
801 0 _aRU
_bNLR
_gpsbo
801 0 _aRU
_bRuMoRGB
_2psbo
801 1 _aRU
_bProSoft-M
_2rusmarc
852 _aNLR
_bВП
_j6686
852 _aNLR
_bВП
_j6818
852 _aNLR
_bВП
_j6687
852 _aNLR
_j+Шифры разные
899 _aRuMoRGB
_jU 407/135
899 _aRuMoRGB
_jМК
899 _aRuMoRGB
_j801-91/6631-4 (т. 2)
899 _aRuMoRGB
_j801-91/6632-2 (т. 3)
899 _aБАН
899 _aНБ СПбГУ
899 _aГПИБ
942 _cBOOK